[Event "IV Open de Lisboa Xeque Mate ao Verão 20"]
[Site "Avenida Gomes Pereira 17 - Lis"]
[Date "2016.09.05"]
[Round "3.2"]
[White "Santos, Antonio Pereira"]
[Black "Padeiro, Jose Joao Tato"]
[Result "1/2-1/2"]
[WhiteElo "2241"]
[BlackElo "2312"]
[PlyCount "52"]
[EventDate "2016.09.04"]

1. Nf3 d5 2. g3 Bg4 3. Ne5 Bf5 4. d4 Nd7 5. Bg2 Nxe5 6. dxe5 c6 7. O-O Qd7 8.
e4 Bg4 9. f3 Be6 10. f4 f5 11. exd5 Bxd5 12. Bxd5 cxd5 13. Be3 e6 14. c4 dxc4
15. Qxd7+ Kxd7 16. Rc1 Ne7 17. Rxc4 Nd5 18. Bf2 Rc8 19. Rxc8 Kxc8 20. Nc3 Nxc3
21. Rc1 Kb8 22. Rxc3 Be7 23. Kf1 Rd8 24. Ke2 Rd5 25. b3 Rd7 26. a4 g5 1/2-1/2

[Event "IV Open de Lisboa Xeque Mate ao Verão 20"]
[Site "Avenida Gomes Pereira 17 - Lis"]
[Date "2016.09.05"]
[Round "3.3"]
[White "Pires, Emanuel Joao Robarts"]
[Black "Vlad-Ionut, Stegariu"]
[Result "0-1"]
[WhiteElo "2081"]
[BlackElo "2243"]
[PlyCount "110"]
[EventDate "2016.09.04"]

1. e4 c5 2. b4 cxb4 3. a3 bxa3 4. Nf3 g6 5. d4 Bg7 6. Bc4 d5 7. exd5 Nf6 8.
Bb5+ Bd7 9. Bxd7+ Nbxd7 10. c4 b5 11. Nxa3 bxc4 12. Nxc4 Nxd5 13. O-O O-O 14.
Ba3 Qc7 15. Rc1 Qb7 16. Nce5 Rfc8 17. Rb1 Qa6 18. Qb3 Nxe5 19. Nxe5 Bxe5 20.
dxe5 Nc3 21. Bxe7 Nxb1 22. Qxb1 Qe2 23. Bf6 Rc2 24. Qb7 Rac8 25. Bg5 Qxe5 26.
Be3 a5 27. h3 a4 28. Qa7 Qe4 29. Qa6 Ra8 30. Qf6 Qe6 31. Qf3 Qc6 32. Qf4 Rc4
33. Qe5 Qe6 34. Qa1 a3 35. Bd4 Rxd4 36. Qxd4 a2 37. Ra1 Qb3 38. Kh2 Qc2 39. Qd5
Qa4 40. Qe5 h5 41. Qe8+ Kg7 42. Qe5+ Kh7 43. Qf6 Qc4 44. g3 Ra6 45. Qf3 Kg7 46.
Qe3 Re6 47. Qf3 Re2 48. Kg2 Rb2 49. Qe3 Rb1 50. Qe5+ f6 51. Qe7+ Kh6 52. Qf8+
Kg5 53. h4+ Kf5 54. Rxa2 Qf1+ 55. Kf3 Rb3# 0-1

[Event "IV Open de Lisboa Xeque Mate ao Verão 20"]
[Site "Avenida Gomes Pereira 17 - Lis"]
[Date "2016.09.05"]
[Round "3.4"]
[White "Chifor, Ovidiu-Emanuel"]
[Black "Dias, Ricardo Pedro Cruz"]
[Result "1-0"]
[WhiteElo "2266"]
[BlackElo "2069"]
[PlyCount "149"]
[EventDate "2016.09.04"]

1. d4 d5 2. Nf3 Nf6 3. c4 c6 4. Qc2 dxc4 5. Qxc4 Bg4 6. Ne5 Bh5 7. h3 Nbd7 8.
g4 Bg6 9. Nxg6 hxg6 10. Bg2 e6 11. Nc3 Be7 12. Bf4 Nb6 13. Qd3 Nbd5 14. Nxd5
Nxd5 15. Bd2 Bd6 16. e3 Qe7 17. a3 O-O-O 18. O-O-O Kb8 19. Kb1 g5 20. Rhe1 Qf6
21. f4 gxf4 22. e4 Qg6 23. Qc2 f3 24. Bf1 Nb6 25. Re3 Bf4 26. Rxf3 Bxd2 27.
Rxd2 e5 28. dxe5 Rxd2 29. Qxd2 Qxe4+ 30. Qd3 Qe1+ 31. Ka2 Qxe5 32. Rxf7 Qe6+
33. Qb3 Qxb3+ 34. Kxb3 Nd5 35. Rxg7 Nf4 36. g5 Nxh3 37. Bc4 Nf4 38. Ka2 Rh3 39.
Rf7 Ng6 40. Rg7 Nf4 41. Bb3 Rg3 42. Bc2 Ne6 43. Rg8+ Kc7 44. g6 Kb6 45. Re8 Nf4
46. Rf8 Ne6 47. Rf6 Ng7 48. Bb1 a5 49. Be4 Re3 50. Bc2 Rg3 51. Bb1 Ka7 52. Rf7
Ne6 53. Bf5 Nd4 54. Be4 Rg4 55. Re7 Kb6 56. g7 Ne6 57. Rxe6 Rxg7 58. Bd3 Rg3
59. Bf5 Rf3 60. Re5 Ka6 61. Kb1 Rf2 62. Bd3+ Kb6 63. Re2 Rf4 64. Kc2 Kc5 65.
Kc3 b5 66. Re5+ Kb6 67. Re4 Rf5 68. b3 Rc5+ 69. Kd2 Rh5 70. Re6 Rh2+ 71. Kc3
Ra2 72. Be4 Rxa3 73. Kb2 b4 74. Bxc6 Kc5 75. Ba4 1-0

[Event "IV Open de Lisboa Xeque Mate ao Verão 20"]
[Site "Avenida Gomes Pereira 17 - Lis"]
[Date "2016.09.05"]
[Round "3.5"]
[White "Aguiar, Carlos Alberto Branc"]
[Black "Martins, Bruno Andre Leite"]
[Result "1/2-1/2"]
[WhiteElo "1829"]
[BlackElo "1848"]
[PlyCount "64"]
[EventDate "2016.09.04"]

1. Nf3 Nf6 2. g3 g6 3. Bg2 Bg7 4. O-O O-O 5. d4 d6 6. c4 Nbd7 7. Nc3 e5 8. e4
Re8 9. dxe5 dxe5 10. Qe2 c6 11. Rd1 Qc7 12. h3 Nc5 13. b4 Ne6 14. Be3 Bd7 15.
Rac1 Rad8 16. a3 Bc8 17. Rxd8 Rxd8 18. Rd1 b6 19. Rxd8+ Qxd8 20. Qd2 Qxd2 21.
Bxd2 Ne8 22. Be3 Nd6 23. Nd2 Nd4 24. Bf1 Nc2 25. Ncb1 f5 26. Bd3 Nxe3 27. fxe3
fxe4 28. Nxe4 Bf5 29. Nbd2 Nxe4 30. Bxe4 Bxe4 31. Nxe4 Bf8 32. Kf2 a5 1/2-1/2

[Event "IV Open de Lisboa Xeque Mate ao Verão 20"]
[Site "Avenida Gomes Pereira 17 - Lis"]
[Date "2016.09.05"]
[Round "3.7"]
[White "Margarido, Jose Miguel Teixeir"]
[Black "Santos, Isabel Maria C Perei"]
[Result "1-0"]
[WhiteElo "2053"]
[BlackElo "1599"]
[PlyCount "63"]
[EventDate "2016.09.04"]

1. e4 c6 2. Nc3 d5 3. Nf3 Bg4 4. h3 Bh5 5. exd5 cxd5 6. g4 Bg6 7. Bb5+ Nc6 8.
Ne5 Qc7 9. d4 e6 10. h4 f6 11. Nxg6 hxg6 12. Qd3 Kf7 13. Bxc6 bxc6 14. Be3 Bd6
15. O-O-O Rb8 16. Kb1 Qb7 17. b3 a5 18. Bc1 Ne7 19. Qf3 Qb4 20. Bb2 Rh7 21. h5
gxh5 22. gxh5 Nf5 23. Na4 c5 24. dxc5 Bxc5 25. Rxd5 Nd4 26. Qd3 exd5 27. Qxh7
Nb5 28. Rg1 Bf8 29. h6 Na3+ 30. Bxa3 Qxa3 31. hxg7 Bxg7 32. Qxg7+ 1-0

[Event "IV Open de Lisboa Xeque Mate ao Verão 20"]
[Site "Avenida Gomes Pereira 17 - Lis"]
[Date "2016.09.05"]
[Round "3.8"]
[White "Antunes, Ricardo Miguel Maiss"]
[Black "Leao, Tiago Miguel Da Silv"]
[Result "1-0"]
[WhiteElo "1580"]
[BlackElo "2041"]
[PlyCount "72"]
[EventDate "2016.09.04"]

1. e4 c5 2. Nf3 d6 3. d4 cxd4 4. Nxd4 Nf6 5. Nc3 e6 6. Bc4 Nc6 7. Bb3 Be7 8.
O-O a6 9. h3 Qc7 10. Be3 b5 11. a3 O-O 12. Qd2 Nxd4 13. Bxd4 Bb7 14. Qd3 Rac8
15. f4 e5 16. Be3 Qb8 17. Nd5 Bxd5 18. Bxd5 Nxd5 19. exd5 Qc7 20. c3 Qc4 21.
Rad1 Qxd3 22. Rxd3 e4 23. Rd4 f5 24. Ra1 Rc4 25. Rd2 Bf6 26. g4 g6 27. g5 Bg7
28. h4 h5 29. gxh6 Bxh6 30. h5 gxh5 31. Rh2 Kf7 32. Rxh5 Kg6 33. Rh3 a5 34. Kf2
b4 35. Rg1+ Kh7 36. Bd4 bxa3 1-0

[Event "IV Open de Lisboa Xeque Mate ao Verão 20"]
[Site "Avenida Gomes Pereira 17 - Lis"]
[Date "2016.09.05"]
[Round "3.10"]
[White "Fernandes, Tiago Saraiva"]
[Black "Martins, Domingos António Mel"]
[Result "1-0"]
[WhiteElo "1929"]
[BlackElo "1215"]
[PlyCount "41"]
[EventDate "2016.09.04"]

1. e4 c5 2. Nf3 g6 3. d4 cxd4 4. Qxd4 Nf6 5. e5 Nc6 6. Qa4 Nd5 7. Qe4 e6 8. Bc4
Nb6 9. Bg5 Qc7 10. Bf6 Rg8 11. O-O Nxc4 12. Qxc4 b6 13. Nc3 Bc5 14. Rfd1 Na5
15. Qh4 h5 16. Nb5 Qc6 17. Nd6+ Bxd6 18. exd6 Nc4 19. Qf4 Nxb2 20. Bxb2 Qxc2
21. Qf6 1-0

[Event "IV Open de Lisboa Xeque Mate ao Verão 20"]
[Site "Avenida Gomes Pereira 17 - Lis"]
[Date "2016.09.05"]
[Round "3.11"]
[White "Bartolo, Diogo"]
[Black "Morais, Vitor Mestre"]
[Result "1-0"]
[WhiteElo "1326"]
[BlackElo "1889"]
[PlyCount "63"]
[EventDate "2016.09.04"]

1. e4 d6 2. d4 Nf6 3. Bd3 g6 4. h3 Bg7 5. Nc3 O-O 6. e5 dxe5 7. dxe5 Nd5 8. Nf3
Nxc3 9. bxc3 Nc6 10. Bf4 Be6 11. O-O Qd7 12. Re1 Rad8 13. Qd2 Bf5 14. Re3 b6
15. g4 Bxd3 16. Rxd3 Qe6 17. Nd4 Nxd4 18. cxd4 g5 19. Bg3 Qd5 20. h4 h6 21. Qc3
f6 22. Qb4 Qe4 23. f3 Qe2 24. Qc3 fxe5 25. Re1 exd4 26. Qc4+ Rf7 27. Rxe2 Bf6
28. hxg5 hxg5 29. Be5 Bg7 30. Qxc7 Rd5 31. Bxg7 Kxg7 32. Rxe7 1-0

[Event "IV Open de Lisboa Xeque Mate ao Verão 20"]
[Site "Avenida Gomes Pereira 17 - Lis"]
[Date "2016.09.05"]
[Round "3.13"]
[White "Antunes, Andre Rafael Maissa"]
[Black "Alves, Luis Miguel Guerreir"]
[Result "0-1"]
[WhiteElo "1233"]
[BlackElo "1691"]
[PlyCount "72"]
[EventDate "2016.09.04"]

1. e4 c5 2. Nf3 Nc6 3. d4 cxd4 4. Nxd4 g6 5. Nc3 Bg7 6. Be3 d6 7. Bc4 Nf6 8. f3
a6 9. Qd2 Bd7 10. O-O-O Rc8 11. Bb3 b5 12. h4 h5 13. Rdf1 Ne5 14. f4 Neg4 15.
f5 Nxe3 16. Qxe3 Bh6 17. Rf4 Qb6 18. Bxf7+ Kxf7 19. fxg6+ Kxg6 20. Qg3+ Ng4 21.
Nf5 Bxf5 22. exf5+ Kh7 23. Kb1 Bxf4 24. Qxf4 Qe3 25. Qf1 Rxc3 26. bxc3 Qxc3 27.
f6 Qxf6 28. Qd3+ Qg6 29. Qe2 e5 30. Rd1 Rd8 31. Qf1 Ne3 32. Qf2 Nxd1 33. Qa7+
Kh8 34. Qe7 Rg8 35. g4 Ne3 36. Qc7 Qxc2+ 0-1

[Event "IV Open de Lisboa Xeque Mate ao Verão 20"]
[Site "Avenida Gomes Pereira 17 - Lis"]
[Date "2016.09.05"]
[Round "3.14"]
[White "Fernandes, Ricardo Paulos"]
[Black "Soares, Manuel A A L Brandao"]
[Result "1-0"]
[WhiteElo "1675"]
[BlackElo "1198"]
[PlyCount "51"]
[EventDate "2016.09.04"]

1. e4 c5 2. Nf3 Nc6 3. d4 cxd4 4. Nxd4 g6 5. Nc3 Bg7 6. Be3 Nf6 7. Bc4 O-O 8.
Bb3 d6 9. h3 Bd7 10. O-O Qa5 11. f4 Qb6 12. Nf5 Qb4 13. Nxg7 Kxg7 14. a3 Qa5
15. Qd3 a6 16. Nd5 Nxd5 17. Bxd5 Nd8 18. Kh1 e6 19. Bd2 Qb6 20. Bb3 Bc6 21.
Bc3+ Kg8 22. Qxd6 Qe3 23. Rae1 Qb6 24. f5 exf5 25. Qf6 Ne6 26. Qh8# 1-0

[Event "IV Open de Lisboa Xeque Mate ao Verão 20"]
[Site "Avenida Gomes Pereira 17 - Lis"]
[Date "2016.09.05"]
[Round "3.16"]
[White "Pitta, Afonso Gameiro Tosto"]
[Black "Azevedo, Manuel Roque"]
[Result "0-1"]
[WhiteElo "1047"]
[BlackElo "1621"]
[PlyCount "110"]
[EventDate "2016.09.04"]

1. e4 e6 2. d4 d5 3. exd5 exd5 4. Bb5+ c6 5. Ba4 Nf6 6. Nc3 Be7 7. Bf4 O-O 8.
Nf3 Bg4 9. O-O Nbd7 10. h3 Bh5 11. Qe2 Re8 12. Rfe1 Nb6 13. Bb3 Bd6 14. Qd2
Bxf3 15. gxf3 Qc7 16. Bxd6 Qxd6 17. Rxe8+ Rxe8 18. Re1 Re6 19. Rxe6 Qxe6 20. f4
Qxh3 21. Qe2 Qg4+ 22. Qxg4 Nxg4 23. Kg2 f5 24. Kf3 h5 25. Ne2 g6 26. c3 Kg7 27.
Ng3 Nf6 28. Bc2 Ne4 29. Nxe4 dxe4+ 30. Kg3 Nc4 31. b3 Nd6 32. a4 b6 33. c4 Nb7
34. d5 cxd5 35. cxd5 Nd6 36. b4 Kf6 37. b5 g5 38. fxg5+ Kxg5 39. f3 f4+ 40. Kf2
e3+ 41. Ke2 h4 42. Kf1 h3 43. Bd3 Kh4 44. Kg1 Kg3 45. Kh1 Kxf3 46. Kh2 e2 47.
Bxe2+ Kxe2 48. Kxh3 f3 49. Kh2 f2 50. Kg2 f1=Q+ 51. Kg3 Qf3+ 52. Kh4 Qg2 53. a5
Qg6 54. a6 Kf3 55. Kh3 Qh5# 0-1

[Event "IV Open de Lisboa Xeque Mate ao Verão 20"]
[Site "Avenida Gomes Pereira 17 - Lis"]
[Date "2016.09.05"]
[Round "3.17"]
[White "Bartolo, Filipe Diogo Correia"]
[Black "Santos, Amadeu Solha"]
[Result "0-1"]
[WhiteElo "1342"]
[BlackElo "1564"]
[PlyCount "80"]
[EventDate "2016.09.04"]

1. e4 e5 2. Nf3 Nc6 3. Bc4 Bc5 4. Qe2 d6 5. d3 h6 6. Be3 Bg4 7. h3 Bh5 8. Nc3
Nge7 9. a3 Qd7 10. Bb3 Nd4 11. Bxd4 Bxd4 12. Nd1 Ng6 13. g4 Nf4 14. Qf1 Bg6 15.
c3 Bb6 16. Ne3 Qb5 17. Nd2 Nxd3+ 18. Kd1 Bxe4 19. Nxe4 Qxb3+ 20. Kd2 Nf4 21.
Kc1 Qa4 22. Ng3 Qc6 23. Nh5 Nd3+ 24. Kc2 Nf4 25. Nxg7+ Kf8 26. Ngf5 Qe4+ 27.
Kd2 d5 28. f3 Qa4 29. Rd1 d4 30. cxd4 Bxd4 31. Nxd4 Qxd4+ 32. Kc1 Qxe3+ 33. Kb1
Kg7 34. Rd7 Rhd8 35. Rxc7 Nd3 36. Rc3 Rac8 37. Rc2 Rxc2 38. Kxc2 Rc8+ 39. Kb3
Qb6+ 40. Ka4 Rc4+ 0-1

[Event "IV Open de Lisboa Xeque Mate ao Verão 20"]
[Site "Avenida Gomes Pereira 17 - Lis"]
[Date "2016.09.05"]
[Round "3.18"]
[White "Lages, Duarte Jorge Silva"]
[Black "Ferreira, Miguel Limao"]
[Result "1/2-1/2"]
[WhiteElo "1609"]
[BlackElo "1335"]
[PlyCount "102"]
[EventDate "2016.09.04"]

1. d4 Nf6 2. c4 g6 3. Nc3 Bg7 4. e4 d6 5. Be2 O-O 6. Bg5 c5 7. d5 Nbd7 8. Qd2
Re8 9. Nf3 a6 10. a4 e6 11. O-O b6 12. Rae1 Bb7 13. Bd3 Qc7 14. h3 exd5 15.
exd5 Ne5 16. Nxe5 Rxe5 17. Rxe5 dxe5 18. Re1 Re8 19. Ne4 Nxe4 20. Bxe4 Qd6 21.
b3 f5 22. Bc2 e4 23. Bf4 Be5 24. Bxe5 Rxe5 25. g4 Kg7 26. gxf5 gxf5 27. Kh1 Kf7
28. Qe3 Re8 29. Bd1 Rg8 30. Bh5+ Ke7 31. Rg1 Rxg1+ 32. Kxg1 h6 33. Kg2 Qf6 34.
f3 Qg5+ 35. Qxg5+ hxg5 36. fxe4 fxe4 37. Bg4 b5 38. axb5 axb5 39. Kf2 Kf6 40.
Ke3 bxc4 41. bxc4 Ba6 42. Be2 Ke5 43. Bf1 Bc8 44. Bg2 Bf5 45. Bf1 g4 46. hxg4
Bxg4 47. Bg2 Bf5 48. Bh1 Bg6 49. d6 Kxd6 50. Bxe4 Bxe4 51. Kxe4 Ke6 1/2-1/2

[Event "IV Open de Lisboa Xeque Mate ao Verão 20"]
[Site "Avenida Gomes Pereira 17 - Lis"]
[Date "2016.09.05"]
[Round "3.19"]
[White "Guia, Artur Solovyov Eloy "]
[Black "Mesquita, Rui Duarte Jorge Lob"]
[Result "0-1"]
[WhiteElo "1332"]
[BlackElo "1501"]
[PlyCount "118"]
[EventDate "2016.09.04"]

1. e4 e5 2. Nf3 Nc6 3. d4 exd4 4. Bc4 h6 5. Nxd4 Nxd4 6. Qxd4 c5 7. Qd1 Qe7 8.
Nc3 Nf6 9. O-O d6 10. Re1 Be6 11. Nd5 Qd7 12. Nxf6+ gxf6 13. Qd2 O-O-O 14. Bxe6
fxe6 15. a4 Bg7 16. a5 a6 17. Rb1 Rhe8 18. b4 cxb4 19. Qd4 Kb8 20. Qxb4 f5 21.
exf5 exf5 22. Rxe8 Rxe8 23. Be3 Qc6 24. Rd1 Bf8 25. Bf4 Kc7 26. Qb6+ Qxb6 27.
axb6+ Kxb6 28. Bxd6 Bxd6 29. Rxd6+ Kc5 30. Rd1 Re2 31. Rc1 Kc4 32. Kf1 Rd2 33.
Ke1 Kc3 34. Rb1 b5 35. Ra1 Rxc2 36. Rxa6 b4 37. Kd1 b3 38. Rxh6 Rxf2 39. g3 b2
40. Rc6+ Kd3 41. Rd6+ Ke4 42. Rb6 Rxh2 43. Rb3 b1=Q+ 44. Rxb1 Rh1+ 45. Kc2 Rxb1
46. Kxb1 Kf3 47. Kc1 Kxg3 48. Kd1 Kg2 49. Ke2 f4 50. Ke1 f3 51. Kd2 f2 52. Ke2
f1=Q+ 53. Kd2 Qf3 54. Ke1 Qf2+ 55. Kd1 Kf3 56. Kc1 Ke3 57. Kb1 Kd3 58. Ka1 Kc3
59. Kb1 Qb2# 0-1

[Event "IV Open de Lisboa Xeque Mate ao Verão 20"]
[Site "Avenida Gomes Pereira 17 - Lis"]
[Date "2016.09.06"]
[Round "4.2"]
[White "Padeiro, Jose Joao Tato"]
[Black "Chifor, Ovidiu-Emanuel"]
[Result "1/2-1/2"]
[WhiteElo "2312"]
[BlackElo "2266"]
[PlyCount "103"]
[EventDate "2016.09.04"]

1. d4 Nf6 2. c4 e5 3. dxe5 Ng4 4. Bf4 g5 5. Bg3 Nc6 6. Nf3 Bg7 7. Nc3 Ngxe5 8.
Nxe5 Nxe5 9. e3 d6 10. h4 g4 11. h5 h6 12. Bh4 Bf6 13. Bxf6 Qxf6 14. Nd5 Qd8
15. Qd4 c6 16. Nc3 Qc7 17. O-O-O Be6 18. Ne4 d5 19. cxd5 Bxd5 20. Nf6+ Ke7 21.
Nxd5+ cxd5+ 22. Kb1 Rhc8 23. Bd3 Nxd3 24. Qxd3 Rd8 25. Qd4 Qc8 26. Ka1 b6 27.
Qb4+ Ke8 28. Rhe1 Qc4 29. Qd2 Qe4 30. f3 gxf3 31. gxf3 Qxf3 32. Qd4 Qe4 33.
Qh8+ Ke7 34. Qxh6 Qe5 35. Qh7 Rh8 36. Qd3 Rxh5 37. Qa3+ Qd6 38. Qa4 Re5 39.
Qh4+ Qf6 40. Qb4+ Qd6 41. Qh4+ Qf6 42. Qd4 Rc8 43. Qb4+ Rc5 44. e4 a5 45. Qd2
Qg5 46. Qd3 Qg6 47. Qa6 Rxe4 48. Qb7+ Kf8 49. Qb8+ Ke7 50. Qb7+ Kf8 51. Qb8+
Ke7 52. Qb7+ 1/2-1/2

[Event "IV Open de Lisboa Xeque Mate ao Verão 20"]
[Site "Avenida Gomes Pereira 17 - Lis"]
[Date "2016.09.06"]
[Round "4.3"]
[White "Carneiro, Carlos Alberto Carva"]
[Black "Santos, Antonio Pereira"]
[Result "0-1"]
[WhiteElo "2189"]
[BlackElo "2241"]
[PlyCount "132"]
[EventDate "2016.09.04"]

1. d4 d5 2. Nf3 Nf6 3. Bf4 c5 4. dxc5 Qa5+ 5. c3 Qxc5 6. e3 g6 7. Be2 Bg7 8.
O-O O-O 9. a4 a5 10. Na3 Nc6 11. Nb5 Ne8 12. e4 dxe4 13. Be3 Qf5 14. Nd2 Be6
15. Qb1 Nf6 16. Nc7 Rad8 17. Nxe6 Qxe6 18. h3 h5 19. Bb5 Kh7 20. Re1 Qf5 21.
Qc2 Rd5 22. Bc4 Rd6 23. Bb5 Rfd8 24. Nc4 Rd3 25. Bb6 R8d7 26. Ne3 Rd2 27. Qxd2
Rxd2 28. Nxf5 gxf5 29. Re2 Rd6 30. Bxc6 Rxc6 31. Bd4 Nd5 32. Bxg7 Kxg7 33. Rd2
e6 34. g3 Kf6 35. Rad1 Ke5 36. Rd4 Rc8 37. Re1 Rg8 38. Kh2 Kf6 39. h4 Rc8 40.
Kg2 Rc5 41. Re2 Rc6 42. f3 exf3+ 43. Kxf3 Rc7 44. Red2 Rc5 45. c4 Ne7 46. b3
Nc6 47. Rd6 Ne5+ 48. Ke2 Rc8 49. Rd8 Rc6 50. R2d6 Rc7 51. Rb6 Nc6 52. Rh8 Kg6
53. Rg8+ Kh7 54. Ra8 Kg7 55. Ke3 Rd7 56. Rc8 Ne5 57. Rb8 Rd3+ 58. Kf2 Ng4+ 59.
Ke2 Re3+ 60. Kd2 Rxg3 61. R8xb7 e5 62. c5 e4 63. c6 e3+ 64. Kd3 Ne5+ 65. Ke2 f4
66. Re7 Rg2+ 0-1

[Event "IV Open de Lisboa Xeque Mate ao Verão 20"]
[Site "Avenida Gomes Pereira 17 - Lis"]
[Date "2016.09.06"]
[Round "4.4"]
[White "Guimaraes, Rui Pinto"]
[Black "Aguiar, Carlos Alberto Branc"]
[Result "1-0"]
[WhiteElo "2094"]
[BlackElo "1829"]
[PlyCount "73"]
[EventDate "2016.09.04"]

1. e4 c5 2. Nc3 d6 3. f4 Nc6 4. Nf3 e6 5. Bc4 Nf6 6. d3 Be7 7. a3 a6 8. O-O Nd4
9. Ba2 Qc7 10. Kh1 b5 11. Be3 Nxf3 12. Qxf3 Bb7 13. Qg3 b4 14. Ne2 h5 15. f5
exf5 16. Rxf5 Bc8 17. Rf2 Be6 18. Bxe6 fxe6 19. Qxg7 Rg8 20. Qh6 Ng4 21. Qxh5+
Kd7 22. Rf3 Nxe3 23. Rxe3 Rh8 24. Qf3 Raf8 25. Qg3 Rfg8 26. Qf2 d5 27. g3 Rf8
28. Rf3 Bd6 29. Rf7+ Rxf7 30. Qxf7+ Be7 31. exd5 exd5 32. Qxd5+ Bd6 33. Rf1 Re8
34. Rf7+ Re7 35. Nf4 Rxf7 36. Qxf7+ Be7 37. Qxe7+ 1-0

[Event "IV Open de Lisboa Xeque Mate ao Verão 20"]
[Site "Avenida Gomes Pereira 17 - Lis"]
[Date "2016.09.06"]
[Round "4.5"]
[White "Martins, Bruno Andre Leite"]
[Black "Pires, Emanuel Joao Robarts"]
[Result "0-1"]
[WhiteElo "1848"]
[BlackElo "2081"]
[PlyCount "60"]
[EventDate "2016.09.04"]

1. e4 e6 2. d4 d5 3. Nd2 Nf6 4. e5 Nfd7 5. Bd3 c5 6. c3 Nc6 7. Ne2 cxd4 8. cxd4
f6 9. exf6 Nxf6 10. O-O Bd6 11. Nf3 O-O 12. Bg5 Qc7 13. Nc3 a6 14. Bh4 Bd7 15.
Re1 g6 16. Bg3 Nh5 17. Ng5 Bxg3 18. hxg3 Rxf2 19. Kxf2 Qxg3+ 20. Kg1 Nf4 21.
Qf3 Qxg5 22. Rf1 Rf8 23. Ne2 e5 24. Nxf4 exf4 25. Qf2 f3 26. g3 Bh3 27. Rfd1
Nxd4 28. Bf1 Ne2+ 29. Kh2 Bxf1 30. Qxf1 Qxg3+ 0-1

[Event "IV Open de Lisboa Xeque Mate ao Verão 20"]
[Site "Avenida Gomes Pereira 17 - Lis"]
[Date "2016.09.06"]
[Round "4.6"]
[White "Dias, Ricardo Pedro Cruz"]
[Black "Rocha, Paulo Alexandre Oliv"]
[Result "1-0"]
[WhiteElo "2069"]
[BlackElo "1377"]
[PlyCount "37"]
[EventDate "2016.09.04"]

1. e4 c6 2. d4 d5 3. Nd2 Nf6 4. e5 Nfd7 5. Bd3 e6 6. Ne2 c5 7. c3 Nc6 8. O-O
cxd4 9. cxd4 Qb6 10. Nf3 f6 11. exf6 Nxf6 12. Nc3 Bd6 13. a3 O-O 14. Be3 a6 15.
b4 Bd7 16. Rc1 Ne7 17. Ne5 Be8 18. f4 Bxe5 19. fxe5 1-0

[Event "IV Open de Lisboa Xeque Mate ao Verão 20"]
[Site "Avenida Gomes Pereira 17 - Lis"]
[Date "2016.09.06"]
[Round "4.7"]
[White "Alves, Luis Miguel Guerreir"]
[Black "Margarido, Jose Miguel Teixeir"]
[Result "0-1"]
[WhiteElo "1691"]
[BlackElo "2053"]
[PlyCount "220"]
[EventDate "2016.09.04"]

1. c4 c5 2. Nf3 g6 3. g3 Bg7 4. Bg2 Nc6 5. Nc3 d6 6. O-O e5 7. d3 Nge7 8. Bd2
O-O 9. Qc1 Re8 10. Bh6 Bh8 11. Nh4 Be6 12. e4 Nd4 13. f4 exf4 14. Qxf4 Nec6 15.
Bh3 Ne5 16. Bxe6 fxe6 17. Kh1 Qd7 18. Qd2 a6 19. h3 b5 20. b3 b4 21. Na4 Rab8
22. Rad1 Re7 23. Rf2 Rf7 24. Rdf1 Rxf2 25. Rxf2 Re8 26. Kg2 Qe7 27. Bg5 Qd7 28.
Bh6 Bg7 29. Be3 Ndc6 30. Nf3 Nf7 31. Nb6 Qb7 32. Na4 a5 33. Kh2 Qd7 34. Nb6 Qb7
35. Na4 Qe7 36. Ng5 Nfe5 37. Nf3 Nf7 38. Kg2 Bf6 39. h4 Bg7 40. Nh2 Nfe5 41.
Bg5 Qd7 42. Nb6 Qc7 43. Na4 Qc8 44. Nb6 Qb8 45. Na4 Qc7 46. Be3 Qc8 47. Nb6 Qb8
48. Na4 Rf8 49. Rxf8+ Qxf8 50. Nb6 Qb8 51. Na4 Qf8 52. Nb6 Qf7 53. Bg1 Qb7 54.
Na4 Qf7 55. Nb6 h6 56. Be3 Kh7 57. Bg1 Qc7 58. Na4 Qe7 59. Be3 Qf8 60. Nb6 Qf6
61. Na4 Qf8 62. Bg1 Bf6 63. Be3 Qg7 64. Nb6 Qb7 65. Na4 Qg7 66. Nb6 Bd8 67. Na4
g5 68. h5 g4 69. Qe2 Bg5 70. Bg1 Bd8 71. Be3 Bg5 72. Bg1 Bf6 73. Be3 Nd8 74.
Nb6 Ndf7 75. Na4 Bg5 76. Bg1 Bc1 77. d4 cxd4 78. Bxd4 Qg5 79. Bb6 Qxh5 80. Nf1
Nf3 81. Kf2 Qh1 82. Qd3 Qg1+ 83. Ke2 Qg2+ 84. Kd1 N7e5 85. Qe2 Qxe2+ 86. Kxe2
Nc6 87. Bc7 Ng5 88. Kd1 Ba3 89. Nd2 Nf7 90. Nb6 Bb2 91. c5 dxc5 92. Nbc4 Bd4
93. Nxa5 Nxa5 94. Bxa5 Be5 95. Nf1 Ng5 96. Ne3 h5 97. Nf1 Nxe4 98. Bd8 Nxg3 99.
Ne3 Ne4 100. Ng2 Bd6 101. Kc2 Kg6 102. Bh4 g3 103. Bd8 Kf5 104. Kd3 Bf4 105.
Nh4+ Ke5 106. Bc7+ Nd6 107. Ng6+ Kf5 108. Nxf4 Kxf4 109. Bxd6+ Kf3 110. Bxc5 h4
0-1

[Event "IV Open de Lisboa Xeque Mate ao Verão 20"]
[Site "Avenida Gomes Pereira 17 - Lis"]
[Date "2016.09.06"]
[Round "4.8"]
[White "Fernandes, Ricardo Paulos"]
[Black "Fernandes, Tiago Saraiva"]
[Result "1/2-1/2"]
[WhiteElo "1675"]
[BlackElo "1929"]
[PlyCount "117"]
[EventDate "2016.09.04"]

1. e4 c5 2. Nf3 Nc6 3. d4 cxd4 4. Nxd4 g6 5. Nc3 Bg7 6. Be3 Nf6 7. Bc4 O-O 8.
Bb3 d6 9. h3 Bd7 10. O-O Rc8 11. Nxc6 Bxc6 12. Re1 Qa5 13. Nd5 Rfe8 14. Bd4 Nd7
15. Bxg7 Kxg7 16. Qd4+ Kg8 17. Qe3 Qc5 18. Qxc5 Nxc5 19. c4 b5 20. e5 Bxd5 21.
cxd5 Nd3 22. exd6 exd6 23. Rxe8+ Rxe8 24. Bc2 Nb4 25. Bb3 Re2 26. Rc1 Rxb2 27.
Rc8+ Kg7 28. Rb8 Nxa2 29. Bxa2 Rxa2 30. Rxb5 Kf6 31. f4 Rc2 32. Ra5 Rc5 33.
Rxa7 Rxd5 34. Kf2 Rd3 35. Ra5 Ke6 36. Ke2 Rb3 37. Kf2 h5 38. h4 f6 39. g3 d5
40. f5+ Kxf5 41. Rxd5+ Ke4 42. Rd2 g5 43. hxg5 fxg5 44. Kg2 Rd3 45. Re2+ Kf5
46. Kh3 h4 47. Rf2+ Kg6 48. Rg2 Kh5 49. Kh2 Kg4 50. gxh4+ Kxh4 51. Re2 g4 52.
Rc2 Kg5 53. Kg2 Kf4 54. Rf2+ Ke4 55. Re2+ Kd4 56. Re8 Kc3 57. Rg8 g3 58. Rxg3
Rxg3+ 59. Kxg3 1/2-1/2

[Event "IV Open de Lisboa Xeque Mate ao Verão 20"]
[Site "Avenida Gomes Pereira 17 - Lis"]
[Date "2016.09.06"]
[Round "4.9"]
[White "Azevedo, Manuel Roque"]
[Black "Tieres, Cristiano R Silva Lo"]
[Result "0-1"]
[WhiteElo "1621"]
[BlackElo "1860"]
[PlyCount "116"]
[EventDate "2016.09.04"]

1. d4 Nf6 2. Nf3 g6 3. c4 Bg7 4. Nc3 d6 5. g3 O-O 6. Bg2 Nc6 7. O-O a6 8. a3
Na5 9. Nd2 Rb8 10. b4 Nc6 11. e3 e5 12. d5 Ne7 13. Bb2 Ne8 14. Qc2 f5 15. Ne2
Rf7 16. f4 c6 17. fxe5 dxe5 18. Nf3 e4 19. Ng5 Rf6 20. Rad1 cxd5 21. Nd4 h6 22.
Nh3 Qc7 23. c5 g5 24. Nb3 Rf8 25. Bxg7 Nxg7 26. Nd4 Nc6 27. Qb3 Nxd4 28. Rxd4
Be6 29. Rfd1 b6 30. cxb6 Rxb6 31. Bf1 Rc6 32. Qa4 Qb6 33. b5 axb5 34. Qxb5 Qc7
35. Qe2 Qc8 36. Nf2 f4 37. exf4 gxf4 38. gxf4 Rxf4 39. Bg2 Nf5 40. Rb4 Nh4 41.
Qe3 Nxg2 42. Kxg2 Rf3 43. Qa7 Bh3+ 44. Kh1 Rc1 45. Rb1 Rxd1+ 46. Rxd1 Qf8 47.
Rg1+ Kh8 48. Qd4+ Kh7 49. Qa7+ Rf7 50. Qe3 Rxf2 51. Qxh3 Qf3+ 52. Qxf3 Rxf3 53.
Rd1 Rd3 54. Ra1 e3 55. Kg2 Rd2+ 56. Kf3 d4 57. a4 e2 58. Kf2 Rd1 0-1

[Event "IV Open de Lisboa Xeque Mate ao Verão 20"]
[Site "Avenida Gomes Pereira 17 - Lis"]
[Date "2016.09.06"]
[Round "4.10"]
[White "Santos, Amadeu Solha"]
[Black "Antunes, Ricardo Miguel Maiss"]
[Result "1-0"]
[WhiteElo "1564"]
[BlackElo "1580"]
[PlyCount "121"]
[EventDate "2016.09.04"]

1. d4 c5 2. Nf3 cxd4 3. Nxd4 g6 4. Bf4 Bg7 5. Bxb8 Rxb8 6. Nc3 d5 7. Qd2 e6 8.
O-O-O Nf6 9. Ndb5 O-O 10. e4 a6 11. Qf4 Bd7 12. Nd6 Nxe4 13. Ndxe4 dxe4 14.
Nxe4 Rc8 15. Rd2 Qe7 16. h4 Bc6 17. Qd6 Qxd6 18. Nxd6 Rcd8 19. Nc4 Rxd2 20.
Nxd2 Bh6 21. Rh3 Rd8 22. Rd3 Rxd3 23. cxd3 Kg7 24. Kc2 Kf6 25. Ne4+ Ke5 26. g3
f5 27. Nc5 f4 28. Kc3 f3 29. d4+ Kd6 30. Bd3 e5 31. Ne4+ Ke6 32. Ng5+ Bxg5 33.
hxg5 e4 34. Bc4+ Bd5 35. b3 b5 36. Bf1 Kf5 37. Kd2 Kxg5 38. Bh3 b4 39. Bf1 Kg4
40. Bxa6 Kh3 41. Bc4 Bc6 42. Bg8 Kg2 43. Ke3 h5 44. Bf7 g5 45. Bxh5 Bd5 46. Bg4
Kh2 47. Bd7 Kg1 48. Bf5 Kf1 49. Bh3+ Kg1 50. Bd7 Kh2 51. Bb5 Kg2 52. Bc4 Bc6
53. d5 Bd7 54. d6 Kg1 55. Bd5 g4 56. Bxe4 Kh2 57. Bxf3 gxf3 58. Kxf3 Kh3 59.
Kf4 Bc8 60. Ke5 Kg4 61. Kf6 1-0